000 00274nam a22001217a 4500
008 170529b xxu||||| |||| 00| 0 eng d
041 _aeng
080 _a621.38
100 _a25
101 _aIM
245 _aINDUSTRIAL SOURCE SAMPLING
_cBRENCHLEY.D.L
942 _2udc
_cBK
999 _c14707
_d14707